banner-ar

اساسيات التحليل الكيميائى الكلاسيكى والآلى فى التربة والماء / (Record no. 43199)

MARC details
000 -الفاتح
حقل البيانات ثابتة الطول 00665nam a2200205Ia 4500
008 - عناصر البيانات ثابتة الطول - معلومات عامة
حقل البيانات ثابتة الطول 140319s9999 xx 000 0 ara d
040 ## - مصدر الفهرسة
وكالة الفهرسة الأصلية GCL /
وكالة النسخ GCL
082 04 - رقم تصنيف ديوى العشرى
رقم التصنيف 631.4
رقم المادة ع ا
100 1# - المدخل الرئيسى - إسم شخصى
الإسم الشخصى عبدالقادر دلال
245 10 - بيان العنوان
العنوان اساسيات التحليل الكيميائى الكلاسيكى والآلى فى التربة والماء /
بيان المسئوليه,etc عبدالقادر دلال
700 1# - المدخل الاضافى - اسم شخصى
الإسم الشخصى طارق عبدالكاظم ناصر
300 ## - الوصف المادى
التعداد 186 ص
490 ## - بيان السلسلة
عنوان السلسلة سلسلة المعرفة
رقم المجلد/ التعيين التسلسلي 0
650 04 - المدخل الاضافى بالموضوع-مصطلح موضوعى
مصطلح موضوعي الزراعة
650 04 - المدخل الاضافى بالموضوع-مصطلح موضوعى
مصطلح موضوعي التربة
650 04 - المدخل الاضافى بالموضوع-مصطلح موضوعى
مصطلح موضوعي الماء
650 04 - المدخل الاضافى بالموضوع-مصطلح موضوعى
مصطلح موضوعي التحليل الكيمائى
942 ## - عناصر المدخل الإضافي( كوها)
مصدر التصنيف او مخطط الترفيف Dewey Decimal Classification
Koha [default] item type كتاب
Holdings
حالة التراجع حالة الفقد حالة تلف ليس للاعارة المكان المؤقت الموقع الحالى تاريخ الاكتساب اجمالي اﻻعارات رقم الطلب الباركود تاريخ اخر مشاهدة تاريخ تفعيل السعر نوع وعاء كوها
        مكتبة القاهرة الكبرى مكتبة القاهرة الكبرى 03/26/2014   631.4\ع ا 104530 03/26/2014 03/26/2014 كتاب
        مكتبة القاهرة الكبرى مكتبة القاهرة الكبرى 03/26/2014   631.4\ع ا 104531 03/26/2014 03/26/2014 كتاب
        مكتبة القاهرة الكبرى مكتبة القاهرة الكبرى 03/26/2014   631.4\ع ا 104532 03/26/2014 03/26/2014 كتاب

Powered By

EGPV